000 01401nam0a22002891 4500
001 rc\3637844
005 20260407114154.0
021 _aRU
_b[73-78087]
035 _a(NLR Aleph) 007827901
090 _a7765528
_c7765528
100 _a20130115d1973 |||y0rusy50 ca
101 0 _arus
102 _aRU
105 _ay c |||||
200 1 _aМетодические указания по определению уровня механизации и автоматизации производственных процессов на предприятиях молочной промышленности
_fМ-во мясной и молочной пром-сти СССР. Всесоюз. науч.-исслед. ин-т молочной пром-сти "ВНИМИ"
210 _aМосква
_cЦНИИТЭИ
_d1973
215 _a39 с.
_d21
300 _aНа 2-й с. обл.: разраб. С.А. Горкунов и Л.А. Орлова
606 _aМолочные продукты
_xПроизводство
_xУровень автоматизации и механизации
_2psbo
702 1 _aОрлова
_bЛ.А.
_4570
702 1 _aГоркунов
_bС.А.
_4570
712 0 2 _aВНИИ молочной промышленности
_3RU\NLR\AUTH\889946453
_9388488
801 0 _aRU
_bNLR
_gpsbo
801 1 _aRU
_bELAR
_2rusmarc
852 _aNLR
_j73-6/8747
942 _cBOOK
980 _aNB